000 00465nam a2200169 i 4500
001 49657
003 ES-MaACL
005 20230906162035.0
007 t|
008 030721s1945 sp ||||1| spa d
100 1 _aCotrus, Aron.
_941181
245 1 0 _aRapsodia ibérica /
_cArón Cotrus ; versión del rumano.
250 _a[1ª ed].
260 _aMadrid :
_bE. Jiménez,
_c1945] (
_fAdán)
300 _a28 h. ;
_c28 cm.
852 _aES-MaACL
_j1831-F-20
_bR.22216
999 _c49657
_d49657